A course in Electrical Power (Record no. 9955)

MARC details
000 -LEADER
fixed length control field 00380nam a2200157Ia 4500
008 - FIXED-LENGTH DATA ELEMENTS--GENERAL INFORMATION
fixed length control field 221030s9999 xx 000 0 und d
041 ## - LANGUAGE CODE
Language code of text/sound track or separate title
082 ## - DEWEY DECIMAL CLASSIFICATION NUMBER
Classification number 105.23
100 ## - MAIN ENTRY--AUTHOR NAME
Personal name M. L. Soni
245 #2 - TITLE STATEMENT
Title A course in Electrical Power
Statement of responsibility, etc by M. L. Soni, Bhatnagar
260 ## - PUBLICATION, DISTRIBUTION, ETC. (IMPRINT)
Name of publisher Dhanpat Rai
Place of publication New Delhi
Year of publication 1992
300 ## - PHYSICAL DESCRIPTION
Number of Pages 812
650 ## - SUBJECT ADDED ENTRY--TOPICAL TERM
Topical Term EE
700 ## - ADDED ENTRY--PERSONAL NAME
Personal name Bhatnagar
942 ## - ADDED ENTRY ELEMENTS (KOHA)
Koha item type Books
Holdings
Accession Number Cost, normal purchase price Full call number Price effective from Koha item type Withdrawn / writtenoff status Materials specified (bound volume or other part) Damaged status Not for loan Permanent Location Current Location Shelving location Date acquired Lost/ Missing status department
BE 10915 195.00 105.23 10/30/2022 Books   Print     MIET Library, Jammu MIET Library, Jammu BL-Academic Block A, FL-1, CUP-34, SH-4, R-4 12/21/2011   BE